Property development (Record no. 110995)

MARC details
000 -LEADER
fixed length control field 00912cam a22002655a 4500
001 - CONTROL NUMBER
control field L150827
008 - FIXED-LENGTH DATA ELEMENTS--GENERAL INFORMATION
fixed length control field 100907s2010 xxk f 000 0 eng d
020 ## - INTERNATIONAL STANDARD BOOK NUMBER
International Standard Book Number 9780230201781
035 ## - SYSTEM CONTROL NUMBER
System control number (Sirsi) u150827
041 0# - LANGUAGE CODE
Language code of text/sound track or separate title eng
050 04 - LIBRARY OF CONGRESS CALL NUMBER
Classification number 333.33 $2 18
100 1# - MAIN ENTRY--PERSONAL NAME
Personal name Isaac, David
245 00 - TITLE STATEMENT
Title Property development
Remainder of title appraisal and finance
250 ## - EDITION STATEMENT
Edition statement 2nd ed.
260 ## - PUBLICATION, DISTRIBUTION, ETC.
Place of publication, distribution, etc. Basingstoke
Name of publisher, distributor, etc. Palgrave Macmillan
Date of publication, distribution, etc. 2010
300 ## - PHYSICAL DESCRIPTION
Extent xvii, 262p.
Dimensions 24cm.
520 ## - SUMMARY, ETC.
Summary, etc. Gives an overview of the property development process, including site-finding, valuation, funding and construction. This second edition has been revised to take account of the credit crunch and recent changes in policy.
520 ## - SUMMARY, ETC.
Summary, etc. Supersedes first edition (ISBN 0333646908).
590 ## - LOCAL NOTE (RLIN)
Local note KA
651 #4 - SUBJECT ADDED ENTRY--GEOGRAPHIC NAME
Geographic name United Kingdom
690 ## - LOCAL SUBJECT ADDED ENTRY--TOPICAL TERM (OCLC, RLIN)
Topical term or geographic name as entry element PROPERTY-PROPERTY DEVELOPMENT
700 1# - ADDED ENTRY--PERSONAL NAME
Personal name O'Leary, John
700 1# - ADDED ENTRY--PERSONAL NAME
Personal name Daley, Mark
942 ## - ADDED ENTRY ELEMENTS (KOHA)
Suppress in OPAC 0
Holdings
Withdrawn status Lost status Source of classification or shelving scheme Damaged status Not for loan Home library Current library Shelving location Date acquired Cost, normal purchase price Total Checkouts Full call number Barcode Date last seen Copy number Cost, replacement price Price effective from Koha item type
    Dewey Decimal Classification     London London Basement 26/10/2010 26.99   BASEMENT 30075488 06/08/2019 1 26.99 06/08/2019 Book